[Event "ARG-ch sf 99th"]
[Site "Buenos Aires"]
[Date "2024.06.05"]
[Round "5"]
[White "Ambrogi, Agustin Tomas"]
[Black "Adam, Ernestina"]
[Result "1/2-1/2"]
[WhiteElo "2190"]
[BlackElo "1995"]
[PlyCount "126"]
[EventDate "2024.06.01"]
[EventType "swiss"]
[EventRounds "9"]
[EventCountry "ARG"]
[SourceTitle "CB24_2024"]
[SourceDate "2024.06.12"]
[SourceVersion "1"]
[SourceVersionDate "2024.06.12"]
[SourceQuality "1"]

1. e4 c5 2. Nf3 d6 3. Bb5+ Nd7 4. d4 cxd4 5. Qxd4 a6 6. Bxd7+ Bxd7 7. c4 Nf6 8. Bg5 h6 9. Bh4 g5 10. Bg3 Bg7 11. Nc3 Nh5 12. Qd3 Nxg3 13. hxg3 Be6 14. Nd4 Rc8 15. Nd5 Bxd5 16. exd5 Qb6 17. Nf5 Qb4+ 18. Qd2 Qxd2+ 19. Kxd2 Be5 20. Kd3 h5 21. Rh3 e6 22. Ne3 Ke7 23. Rah1 Rcg8 24. Rxh5 Rxh5 25. Rxh5 Bxb2 26. Rh1 Bg7 27. Rb1 Rb8 28. a4 Kd7 29. Nc2 Kc7 30. Rh1 Rh8 31. Rxh8 Bxh8 32. dxe6 fxe6 33. f4 Bf6 34. fxg5 Bxg5 35. Nd4 Kd7 36. Ke4 b6 37. g4 Bc1 38. Nc2 Bd2 39. Kd3 Bg5 40. Nb4 a5 41. Nc2 d5 42. cxd5 exd5 43. Nd4 Kd6 44. Nf3 Bf4 45. g5 Ke6 46. g4 Bc1 47. g6 Kf6 48. Kd4 Kxg6 49. Kxd5 Be3 50. Kc6 Kf6 51. Kb5 Ke6 52. Kc6 Kf6 53. g5+ Kf5 54. g6 Kxg6 55. Ne5+ Kf5 56. Nc4 Bd4 57. Nxb6 Ke6 58. Nc4 Bc3 59. Nb6 Be1 60. Nd5 Bd2 61. Nc7+ Ke7 62. Na6 Kd8 63. Kb5 Kc8 1/2-1/2

[Event "ARG-ch sf 99th"]
[Site "Buenos Aires"]
[Date "2024.06.02"]
[Round "2"]
[White "Panelo, Lionel"]
[Black "Ambrogi, Agustin Tomas"]
[Result "0-1"]
[WhiteElo "1689"]
[BlackElo "2190"]
[PlyCount "96"]
[EventDate "2024.06.01"]
[EventType "swiss"]
[EventRounds "9"]
[EventCountry "ARG"]
[SourceTitle "CB24_2024"]
[SourceDate "2024.06.12"]
[SourceVersion "1"]
[SourceVersionDate "2024.06.12"]
[SourceQuality "1"]

1. d4 d5 2. Nf3 Nf6 3. e3 e6 4. Bd3 b6 5. Ne5 Bb7 6. Nd2 Bd6 7. f4 0-0 8. Qf3 c5 9. c3 Nc6 10. 0-0 Ne7 11. g4 Ng6 12. g5 Bxe5 13. fxe5 Ne4 14. Nxe4 dxe4 15. Bxe4 Qxg5+ 16. Kh1 Bxe4 17. Qxe4 Rad8 18. b3 Rd7 19. Ba3 Rc8 20. c4 cxd4 21. exd4 Qh4 22. Qxh4 Nxh4 23. Rf4 Nf5 24. Rd1 Rcd8 25. d5 g6 26. d6 f6 27. exf6 Kf7 28. Rf3 e5 29. c5 bxc5 30. Bxc5 Kxf6 31. a4 Ke6 32. Rh3 e4 33. Kg2 h5 34. Kf2 Nxd6 35. Bxd6 Rxd6 36. Rxd6+ Rxd6 37. Rc3 Rd2+ 38. Kg1 a5 39. Rc6+ Rd6 40. Rc5 Rd5 41. Rc6+ Kf5 42. Kf2 g5 43. Rc4 Kf4 44. b4 axb4 45. Rxb4 Rd2+ 46. Kg1 Ra2 47. Rc4 h4 48. h3 Kf3 0-1

[Event "Titled Tuesday intern op 21st May Early"]
[Site "Chess.com INT"]
[Date "2024.05.21"]
[Round "2"]
[White "Ambrogi, Agustin Tomas"]
[Black "Dovzik, Juri"]
[Result "1-0"]
[WhiteElo "2190"]
[BlackElo "2220"]
[PlyCount "69"]
[EventDate "2024.05.21"]
[EventType "swiss (blitz)"]
[EventRounds "11"]
[EventCountry "USA"]
[SourceTitle "CB22_2024"]
[SourceDate "2024.05.29"]
[SourceVersion "1"]
[SourceVersionDate "2024.05.29"]
[SourceQuality "1"]

1. e4 c6 2. Nc3 g6 3. Nf3 Bg7 4. Bc4 b5 5. Bb3 d5 6. exd5 b4 7. Ne2 cxd5 8. 0-0 e6 9. c3 a5 10. a3 Bb7 11. axb4 axb4 12. Rxa8 Bxa8 13. cxb4 Ne7 14. d4 0-0 15. Bd2 Nd7 16. Qa1 Qb6 17. Qa5 Nc6 18. Qxb6 Nxb6 19. b5 Ne7 20. Bb4 Re8 21. Ra1 Nf5 22. Bc5 Nc4 23. b6 Nxb2 24. Ra7 Rb8 25. g4 Nd3 26. gxf5 gxf5 27. Bd6 Rc8 28. Rxa8 Rxa8 29. b7 Rd8 30. b8Q Rxb8 31. Bxb8 Nb2 32. Be5 Bf8 33. Kg2 Nc4 34. Bxc4 dxc4 35. Nd2 1-0

[Event "Titled Tuesday intern op 21st May Early"]
[Site "Chess.com INT"]
[Date "2024.05.21"]
[Round "6"]
[White "Ambrogi, Agustin Tomas"]
[Black "Martinez Ramirez, Lennis"]
[Result "0-1"]
[WhiteElo "2190"]
[BlackElo "2449"]
[PlyCount "68"]
[EventDate "2024.05.21"]
[EventType "swiss (blitz)"]
[EventRounds "11"]
[EventCountry "USA"]
[SourceTitle "CB22_2024"]
[SourceDate "2024.05.29"]
[SourceVersion "1"]
[SourceVersionDate "2024.05.29"]
[SourceQuality "1"]

1. e4 c5 2. c3 Nf6 3. e5 Nd5 4. d4 cxd4 5. Qxd4 e6 6. Nf3 Nc6 7. Qe4 f5 8. exf6 Nxf6 9. Qh4 Bc5 10. Bd3 0-0 11. Ng5 h6 12. Ne4 Nxe4 13. Qxe4 Bxf2+ 14. Ke2 Rf5 15. Kd1 d5 16. Qe2 Rf6 17. Rf1 Bc5 18. Bf4 e5 19. Bg3 e4 20. Bb5 Rxf1+ 21. Qxf1 Qb6 22. Kc2 Bd7 23. Nd2 Rc8 24. Rd1 Nd4+ 25. cxd4 Bxb5 26. Qf5 Bd3+ 27. Kc1 Qd8 28. dxc5 Rxc5+ 29. Nc4 Rxc4+ 30. Kd2 Rc2+ 31. Ke3 d4+ 32. Kf4 g5+ 33. Kg4 Be2+ 34. Kh3 g4+ 0-1

[Event "Titled Tuesday intern op 21st May Early"]
[Site "Chess.com INT"]
[Date "2024.05.21"]
[Round "3"]
[White "Ambrogi, Agustin Tomas"]
[Black "Mgeladze, Tamaz"]
[Result "1-0"]
[WhiteElo "2190"]
[BlackElo "2388"]
[PlyCount "145"]
[EventDate "2024.05.21"]
[EventType "swiss (blitz)"]
[EventRounds "11"]
[EventCountry "USA"]
[SourceTitle "CB22_2024"]
[SourceDate "2024.05.29"]
[SourceVersion "1"]
[SourceVersionDate "2024.05.29"]
[SourceQuality "1"]

1. e4 c5 2. c3 Nf6 3. e5 Nd5 4. d4 cxd4 5. Qxd4 Nc7 6. Nf3 Ne6 7. Qe4 Nc6 8. Nbd2 d5 9. exd6 exd6 10. Nb3 d5 11. Qc2 Be7 12. Bd3 Bd7 13. 0-0 Rc8 14. a3 Bf6 15. Re1 h6 16. Qd1 0-0 17. Bc2 a5 18. Qd3 g6 19. Bxh6 a4 20. Nbd2 Re8 21. Bxa4 Nc5 22. Qc2 d4 23. Bxc6 Bxc6 24. cxd4 Ne4 25. Qd3 Nxd2 26. Rxe8+ Qxe8 27. Bxd2 Be4 28. Qe3 Bxf3 29. gxf3 Qd7 30. Re1 Bxd4 31. Qg5 Bxb2 32. Re7 Qc6 33. Qf4 Bf6 34. Re1 Rd8 35. Bb4 Rd5 36. Qb8+ Kh7 37. f4 Rd8 38. Qa7 Qf3 39. Qe3 Qh5 40. Qg3 Kg7 41. Kg2 Rd5 42. Bc3 Rf5 43. Bxf6+ Rxf6 44. Re5 Qh8 45. Rg5 Qe8 46. h4 Qe4+ 47. Qf3 Qxf4 48. Qxf4 Rxf4 49. Rb5 Rxh4 50. Rxb7 Ra4 51. Rb3 f5 52. Rg3 Kf6 53. Rb3 Kg5 54. Kg3 Kh5 55. f4 Re4 56. Kf3 Rc4 57. Kg3 Rc1 58. Rb2 Rg1+ 59. Rg2 Rh1 60. Rh2+ Rxh2 61. Kxh2 Kg4 62. a4 g5 63. a5 gxf4 64. a6 f3 65. a7 f2 66. Kg2 f1Q+ 67. Kxf1 Kf3 68. a8Q+ Kg3 69. Qa3+ Kg4 70. Kg2 f4 71. Qf3+ Kh4 72. Qxf4+ Kh5 73. Qg3 1-0

[Event "Titled Tuesday intern op 21st May Early"]
[Site "Chess.com INT"]
[Date "2024.05.21"]
[Round "11"]
[White "Celik, Ali Alper"]
[Black "Ambrogi, Agustin Tomas"]
[Result "0-1"]
[WhiteElo "2102"]
[BlackElo "2190"]
[PlyCount "194"]
[EventDate "2024.05.21"]
[EventType "swiss (blitz)"]
[EventRounds "11"]
[EventCountry "USA"]
[SourceTitle "CB22_2024"]
[SourceDate "2024.05.29"]
[SourceVersion "1"]
[SourceVersionDate "2024.05.29"]
[SourceQuality "1"]

1. e4 d5 2. exd5 Qxd5 3. Nc3 Qa5 4. d4 Nf6 5. Bd2 Nc6 6. Nf3 Bg4 7. Be2 0-0-0 8. 0-0 Bxf3 9. Bxf3 Nxd4 10. Be3 e5 11. Bxd4 exd4 12. Ne4 Nxe4 13. Bxe4 Bd6 14. Qf3 c6 15. Qxf7 Rhf8 16. Qe6+ Kb8 17. g3 Rf6 18. Qc4 Bc7 19. Bg2 Qf5 20. Qd3 Qxd3 21. cxd3 Re6 22. Rfe1 Rde8 23. Kf1 Ba5 24. Rxe6 Rxe6 25. Be4 h6 26. Rc1 Kc7 27. Rc5 Bb6 28. Rf5 Kd6 29. Rf7 Re7 30. Rxe7 Kxe7 31. Ke2 Kd6 32. h4 Kc5 33. Kd1 Kb4 34. Kc2 Bd8 35. h5 Bg5 36. f4 Be7 37. g4 Bd6 38. f5 Bf4 39. Bf3 Bg5 40. Be4 Kc5 41. Kd1 Kd6 42. Ke2 b5 43. Kf3 a5 44. b3 Kc5 45. Ke2 Bf6 46. Bf3 Kd6 47. Be4 c5 48. Kf3 Bg5 49. Ke2 Bc1 50. Bf3 Ke5 51. Be4 Kf4 52. Bc6 Kxg4 53. Bxb5 Kxh5 54. Be8+ Kg5 55. Bd7 Kf4 56. Kf2 Be3+ 57. Ke2 h5 58. Be8 h4 59. Bd7 Kg3 60. Bc6 h3 61. Be4 h2 62. Kf1 Kf4 63. Ke2 Bc1 64. a4 Kg3 65. Kf1 Bh6 66. Bd5 Bg5 67. Be4 Bf6 68. Ke2 Be5 69. Bd5 Kf4 70. Be4 Kg4 71. Kf1 Kg3 72. Ke2 Kg4 73. Kf1 Kg5 74. Kg2 Kf6 75. Kf3 Ke7 76. Ke2 Kf6 77. Kf2 Kf7 78. Kf1 Ke8 79. Ke2 Kd8 80. Kf2 Kc7 81. Kf1 Kb6 82. Ke2 c4 83. dxc4 Kc5 84. Kd3 Bf6 85. Bd5 Kb4 86. Be4 Kxb3 87. c5 Kxa4 88. c6 Bd8 89. Kxd4 Kb5 90. Kd5 a4 91. Kd6 a3 92. Kd7 Bb6 93. Bd3+ Kb4 94. Kc8 a2 95. Kb7 Ba5 96. c7 Bxc7 97. Kxc7 a1Q 0-1

[Event "Titled Tuesday intern op 27th Feb Late"]
[Site "Chess.com INT"]
[Date "2024.02.27"]
[Round "8"]
[White "Ambrogi, Agustin Tomas"]
[Black "Jonkman, Harmen"]
[Result "0-1"]
[WhiteElo "2226"]
[BlackElo "2329"]
[PlyCount "93"]
[EventDate "2024.02.27"]
[EventType "swiss (blitz)"]
[EventRounds "11"]
[EventCountry "USA"]
[SourceTitle "CB10_2024"]
[SourceDate "2024.03.06"]
[SourceVersion "1"]
[SourceVersionDate "2024.03.06"]
[SourceQuality "1"]

1. e4 e5 2. Nf3 Nc6 3. Bc4 Bc5 4. c3 Nf6 5. d4 exd4 6. cxd4 Bb4+ 7. Nc3 d5 8. exd5 Nxd5 9. 0-0 Bxc3 10. bxc3 0-0 11. Bg5 Qd6 12. Qc2 Bg4 13. Qe4 Be6 14. Bd3 f5 15. Qh4 Nxc3 16. d5 Bxd5 17. Bf4 Qf6 18. Bg5 Qg6 19. Nd2 h6 20. f4 hxg5 21. fxg5 Ne4 22. Nf3 Rae8 23. Rad1 Ne5 24. Nxe5 Rxe5 25. Qf4 Rfe8 26. h4 Qb6+ 27. Kh2 Nd6 28. Bb1 c6 29. h5 Qe3 30. g6 Qxf4+ 31. Rxf4 Ne4 32. g4 Nc3 33. Rdf1 Nxb1 34. Rxb1 Re2+ 35. Kg3 R8e3+ 36. Kh4 Rh2+ 37. Kg5 fxg4 38. Rxb7 Re5+ 39. Kxg4 Re8 40. Rff7 Rg2+ 41. Kh3 Re3+ 42. Kh4 Bxf7 43. gxf7+ Kf8 44. h6 gxh6 45. Rxa7 Re1 46. Kh3 Rg5 47. Kh4 0-1

[Event "Titled Tuesday intern op 27th Feb Late"]
[Site "Chess.com INT"]
[Date "2024.02.27"]
[Round "2"]
[White "Rohwer, Paul"]
[Black "Ambrogi, Agustin Tomas"]
[Result "0-1"]
[WhiteElo "2225"]
[BlackElo "2226"]
[PlyCount "106"]
[EventDate "2024.02.27"]
[EventType "swiss (blitz)"]
[EventRounds "11"]
[EventCountry "USA"]
[SourceTitle "CB10_2024"]
[SourceDate "2024.03.06"]
[SourceVersion "1"]
[SourceVersionDate "2024.03.06"]
[SourceQuality "1"]

1. e4 e6 2. Nf3 d5 3. e5 c5 4. b4 d4 5. c3 dxc3 6. dxc3 Qxd1+ 7. Kxd1 cxb4 8. cxb4 Bxb4 9. Bb5+ Bd7 10. a4 a6 11. Bd3 Nc6 12. Nbd2 0-0-0 13. Nc4 Bc5 14. Ke2 Nge7 15. Bd2 Kb8 16. Rhb1 Nd4+ 17. Nxd4 Bxd4 18. Ra3 Bc6 19. f3 Ng6 20. Bxg6 hxg6 21. h3 Bd5 22. Nb6 Bxe5 23. Nxd5 Rxd5 24. Rab3 Rd7 25. Rb6 Rc8 26. Be3 Rc2+ 27. Kf1 Ka8 28. R6b4 Rd3 29. Bb6 Rdd2 30. Rh4 Rxg2 31. Rh8+ Bb8 32. Rd1 Rh2 33. a5 Rh1+ 34. Bg1 b5 35. Rdd8 Rc1+ 36. Kf2 Rcxg1 37. Rxb8+ Ka7 38. Ra8+ Kb7 39. Rhb8+ Kc7 40. Rc8+ Kd7 41. Rd8+ Ke7 42. Re8+ Kf6 43. Rxa6 Ra1 44. Ke3 Rxh3 45. Rb8 Ra3+ 46. Kd4 Rhxf3 47. Rxb5 Rf4+ 48. Kc5 g5 49. Ra8 g4 50. Kb6 g3 51. a6 g2 52. Rb1 Rf1 53. Rb2 g1Q+ 0-1

[Event "Titled Tuesday intern op 06th Feb Late"]
[Site "Chess.com INT"]
[Date "2024.02.06"]
[Round "8"]
[White "Ambrogi, Agustin Tomas"]
[Black "Shapiro, Viktor"]
[Result "1-0"]
[WhiteElo "2226"]
[BlackElo "2113"]
[PlyCount "115"]
[EventDate "2024.02.06"]
[EventType "swiss (blitz)"]
[EventRounds "11"]
[EventCountry "USA"]
[SourceTitle "CB07_2024"]
[SourceDate "2024.02.14"]
[SourceVersion "1"]
[SourceVersionDate "2024.02.14"]
[SourceQuality "1"]

1. e4 Nf6 2. Nc3 d5 3. e5 Nfd7 4. d4 e6 5. f4 c5 6. Nf3 Nc6 7. Be3 a6 8. Qd2 b5 9. dxc5 Bxc5 10. 0-0-0 Qb6 11. Bxc5 Nxc5 12. Nd4 Bb7 13. Nce2 Ne4 14. Qe1 Rc8 15. Nxc6 Bxc6 16. Ng3 Nf2 17. f5 Nxd1 18. Qxd1 Qe3+ 19. Kb1 Qxe5 20. Bd3 0-0 21. Re1 Qf6 22. Nh5 Qh6 23. g4 exf5 24. gxf5 Kh8 25. Rg1 Rg8 26. Qg4 Rce8 27. a3 Bd7 28. Rg3 Re3 29. Rg1 Rge8 30. Ka2 Re1 31. Qxg7+ Qxg7 32. Rxg7 Rf8 33. f6 Re4 34. Bxe4 dxe4 35. Ng3 e3 36. Kb1 Bc6 37. Kc1 Bf3 38. Rg5 Rd8 39. c4 e2 40. Nxe2 Bxe2 41. cxb5 Bxb5 42. Kc2 Rd6 43. a4 Bd7 44. Rc5 Rxf6 45. Rc7 Bf5+ 46. Kc3 Kg7 47. b4 Bg6 48. b5 axb5 49. axb5 Rf3+ 50. Kd4 Rh3 51. b6 Rxh2 52. Rc4 Rb2 53. Kc5 Kf6 54. Kc6 Ke6 55. b7 h5 56. Kc7 Kd5 57. Rc6 h4 58. Rb6 1-0

[Event "Titled Tuesday intern op 06th Feb Early"]
[Site "Chess.com INT"]
[Date "2024.02.06"]
[Round "6"]
[White "Kuhn, Clement"]
[Black "Ambrogi, Agustin Tomas"]
[Result "1-0"]
[WhiteElo "2333"]
[BlackElo "2226"]
[PlyCount "69"]
[EventDate "2024.02.06"]
[EventType "swiss (blitz)"]
[EventRounds "11"]
[EventCountry "USA"]
[SourceTitle "CB07_2024"]
[SourceDate "2024.02.14"]
[SourceVersion "1"]
[SourceVersionDate "2024.02.14"]
[SourceQuality "1"]

1. d4 d5 2. Nf3 Bf5 3. g3 e6 4. Bg2 h6 5. 0-0 c6 6. c4 dxc4 7. a4 Nf6 8. Nc3 Ne4 9. Ne5 Nxc3 10. bxc3 Nd7 11. Nxc4 Be7 12. a5 0-0 13. e4 Bh7 14. Rb1 b5 15. axb6 axb6 16. Be3 b5 17. Nd2 Qa5 18. Qb3 Rfb8 19. Bf4 Rb7 20. Nc4 Qa4 21. Nd6 Rba7 22. g4 f6 23. Qxe6+ Kh8 24. Nf7+ Kg8 25. Nxh6+ Kh8 26. Nf7+ Kg8 27. Ng5+ Kh8 28. Nxh7 Nb6 29. e5 Kxh7 30. Be4+ Kh8 31. Qf5 Kg8 32. e6 Kf8 33. Qh7 Ke8 34. Bxc6+ Kd8 35. Qg8+ 1-0

[Event "Titled Tuesday intern op 06th Feb Early"]
[Site "Chess.com INT"]
[Date "2024.02.06"]
[Round "11"]
[White "Yurovskich, Oleksandr"]
[Black "Ambrogi, Agustin Tomas"]
[Result "0-1"]
[WhiteElo "2328"]
[BlackElo "2226"]
[PlyCount "70"]
[EventDate "2024.02.06"]
[EventType "swiss (blitz)"]
[EventRounds "11"]
[EventCountry "USA"]
[SourceTitle "CB07_2024"]
[SourceDate "2024.02.14"]
[SourceVersion "1"]
[SourceVersionDate "2024.02.14"]
[SourceQuality "1"]

1. d4 d5 2. Bf4 Bf5 3. c4 dxc4 4. Nc3 Nf6 5. f3 Nd5 6. Nxd5 Qxd5 7. e4 Bxe4 8. fxe4 Qxe4+ 9. Ne2 e5 10. Bxe5 Nc6 11. Bxc7 Rc8 12. Bg3 Nb4 13. Qa4+ Rc6 14. 0-0-0 b5 15. Nc3 Qe3+ 16. Kb1 bxa4 17. Re1 Qxe1+ 18. Bxe1 Nd3 19. Bxd3 cxd3 20. Nxa4 Rc2 21. g4 Bd6 22. Bc3 Rxh2 23. Rd1 Rh3 24. Nc5 Bxc5 25. dxc5 Kd7 26. g5 Kc6 27. Bxg7 Re8 28. b4 Re2 29. Bc3 Kb5 30. Bd2 Rg3 31. Kb2 Kc4 32. Rc1+ Kd4 33. c6 Rxd2+ 34. Kb3 Re2 35. c7 d2+ 0-1

[Event "Villa Ballester op 73rd"]
[Site "Buenos Aires"]
[Date "2024.01.27"]
[Round "8"]
[White "Ambrogi, Agustin Tomas"]
[Black "Liascovich, Lucas"]
[Result "0-1"]
[WhiteElo "2262"]
[BlackElo "2414"]
[PlyCount "88"]
[EventDate "2024.01.19"]
[EventType "swiss"]
[EventRounds "9"]
[EventCountry "ARG"]
[SourceTitle "CB06_2024"]
[SourceDate "2024.02.07"]
[SourceVersion "1"]
[SourceVersionDate "2024.02.07"]
[SourceQuality "1"]

1. e4 e5 2. Nc3 Nf6 3. f4 d5 4. fxe5 Nxe4 5. Qf3 Nxc3 6. bxc3 c5 7. Qg3 Nc6 8. Nf3 Be6 9. Be2 h6 10. Rb1 Qc7 11. 0-0 g5 12. Bb5 0-0-0 13. d3 Na5 14. c4 dxc4 15. Bd2 cxd3 16. Bxa5 Qxa5 17. cxd3 Bxa2 18. Bc4 Bxc4 19. dxc4 Qc7 20. Rb3 Bg7 21. Rfb1 b6 22. h4 Rhe8 23. Re1 Re6 24. hxg5 Rde8 25. gxh6 Bxh6 26. Rd3 Qc6 27. Qg4 Rd8 28. Red1 Rxd3 29. Rxd3 Kc7 30. Qf5 Qe8 31. Ra3 a5 32. Rd3 a4 33. Kf2 Bc1 34. Rd6 a3 35. Qd3 Bb2 36. Qb3 Rxd6 37. exd6+ Kb7 38. Qd3 a2 39. d7 Qd8 40. Qe4+ Kb8 41. Ne5 Qf6+ 42. Nf3 Bd4+ 43. Ke2 Kc7 44. Qa8 Qe6+ 0-1

[Event "Villa Ballester op 73rd"]
[Site "Buenos Aires"]
[Date "2024.01.26"]
[Round "7"]
[White "Serrano, Luis Leonel"]
[Black "Ambrogi, Agustin Tomas"]
[Result "0-1"]
[WhiteElo "2009"]
[BlackElo "2262"]
[PlyCount "170"]
[EventDate "2024.01.19"]
[EventType "swiss"]
[EventRounds "9"]
[EventCountry "ARG"]
[SourceTitle "CB06_2024"]
[SourceDate "2024.02.07"]
[SourceVersion "1"]
[SourceVersionDate "2024.02.07"]
[SourceQuality "1"]

1. e4 e6 2. d4 d5 3. e5 c5 4. c3 Qb6 5. Nf3 Nc6 6. a3 c4 7. Nbd2 Na5 8. g3 Bd7 9. Bg2 Ne7 10. 0-0 h6 11. Re1 0-0-0 12. Rb1 Kb8 13. Nf1 Qc7 14. Ne3 Nc8 15. Qe2 Be7 16. Nd2 Ba4 17. Qh5 g6 18. Qf3 Rdf8 19. b4 cxb3 20. c4 dxc4 21. Nexc4 Bc6 22. Qc3 Nxc4 23. Qxc4 Nb6 24. Qxb3 Bxg2 25. Kxg2 Qc6+ 26. Kg1 Qd5 27. Ne4 Rc8 28. Qd3 g5 29. Qf3 Rc7 30. Qxf7 Bb4 31. Qxc7+ Kxc7 32. Rxb4 Kb8 33. Nf6 Qf3 34. Bd2 Rc8 35. Reb1 Rc2 36. R4b3 Qc6 37. Bb4 Nd5 38. Nxd5 Qxd5 39. Bd6+ Ka8 40. Rxb7 Qxb7 41. Rxb7 Kxb7 42. h4 gxh4 43. gxh4 h5 44. Kg2 Kc6 45. Bc5 a5 46. Kg3 Kd5 47. Kf4 Rxf2+ 48. Kg5 Rf5+ 49. Kg6 a4 50. Bb4 Ke4 51. Bc5 Kf4 52. Bd6 Ke4 53. Bc5 Rf4 54. Kg5 Rg4+ 55. Kxh5 Kf5 56. Kh6 Rxh4+ 57. Kg7 Ke4 58. Kf6 Kd5 59. Kf7 Rh7+ 60. Kf6 Rh1 61. Kf7 Rb1 62. Ke7 Rb7+ 63. Kd8 Kc6 64. Ke8 Rd7 65. Bb6 Rh7 66. Bc5 Kc7 67. Bd6+ Kc8 68. Bc5 Kc7 69. Bd6+ Kb6 70. Bc5+ Kc6 71. Bd6 Rb7 72. Bc5 Rd7 73. Bd6 Rh7 74. Bc5 Kd5 75. Kd8 Rb7 76. Kc8 Rh7 77. Kd8 Rh4 78. Ke7 Rf4 79. Kd7 Rh4 80. Ke7 Rh8 81. Kf7 Rc8 82. Ke7 Rc7+ 83. Kd8 Kc6 84. Bb4 Rd7+ 85. Ke8 Rxd4 0-1

[Event "Villa Ballester op 73rd"]
[Site "Buenos Aires"]
[Date "2024.01.25"]
[Round "6"]
[White "Ambrogi, Agustin Tomas"]
[Black "Roepke, Sofia"]
[Result "1-0"]
[WhiteElo "2262"]
[BlackElo "1824"]
[PlyCount "119"]
[EventDate "2024.01.19"]
[EventType "swiss"]
[EventRounds "9"]
[EventCountry "ARG"]
[SourceTitle "CB06_2024"]
[SourceDate "2024.02.07"]
[SourceVersion "1"]
[SourceVersionDate "2024.02.07"]
[SourceQuality "1"]

1. e4 e5 2. Nf3 Nf6 3. Nc3 Bb4 4. Nxe5 0-0 5. Nf3 Bxc3 6. dxc3 Nxe4 7. Bd3 Re8 8. 0-0 d5 9. c4 Bf5 10. Bf4 c6 11. cxd5 Qxd5 12. Re1 Na6 13. Bxa6 bxa6 14. Qxd5 cxd5 15. Nd4 Bg6 16. f3 Nc5 17. Rxe8+ Rxe8 18. Kf2 Ne6 19. Nxe6 fxe6 20. c3 e5 21. Be3 Rb8 22. b3 Rc8 23. Rc1 Rc7 24. Ke2 Kf7 25. Kd2 Ke6 26. Re1 Rf7 27. f4 Be4 28. g3 exf4 29. Bxf4 Kf5 30. Ke3 g5 31. Bb8 Ke6 32. c4 Bf5 33. Kd4+ Kd7 34. cxd5 Kd8 35. Re5 h6 36. Bxa7 Bd7 37. Bb6+ Kc8 38. Re2 Bb5 39. Re6 Rf2 40. a4 Rd2+ 41. Kc3 Rd3+ 42. Kc2 Rxd5 43. axb5 axb5 44. Rxh6 Kb7 45. Be3 Re5 46. Kd3 b4 47. Rb6+ Ka8 48. Rxb4 g4 49. Rxg4 Rb5 50. Kc4 Rh5 51. h4 Re5 52. Bd4 Re8 53. h5 Rc8+ 54. Bc5 Kb7 55. Rg7+ Kc6 56. b4 Rb8 57. b5+ Rxb5 58. Rg6+ Kd7 59. Kxb5 Ke8 60. Rg7 1-0

[Event "Villa Ballester op 73rd"]
[Site "Buenos Aires"]
[Date "2024.01.19"]
[Round "1"]
[White "Ambrogi, Agustin Tomas"]
[Black "Perez Novoa, Lucas"]
[Result "0-1"]
[WhiteElo "2262"]
[BlackElo "1758"]
[PlyCount "118"]
[EventDate "2024.01.19"]
[EventType "swiss"]
[EventRounds "9"]
[EventCountry "ARG"]
[SourceTitle "CB06_2024"]
[SourceDate "2024.02.07"]
[SourceVersion "1"]
[SourceVersionDate "2024.02.07"]
[SourceQuality "1"]

1. e4 c5 2. Nc3 Nc6 3. f4 e6 4. g3 d5 5. d3 d4 6. Nce2 Nf6 7. Nf3 Be7 8. Bg2 Rb8 9. 0-0 b5 10. h3 h5 11. c3 dxc3 12. bxc3 Bd7 13. e5 Nd5 14. c4 bxc4 15. dxc4 Nb6 16. Qc2 Nb4 17. Qc3 Na4 18. Qd2 Bc6 19. a3 Qxd2 20. Bxd2 Nd3 21. Rfb1 0-0 22. Ne1 Bxg2 23. Kxg2 Ndb2 24. Rc1 Rb3 25. Rc2 h4 26. gxh4 Rd8 27. Rb1 Bxh4 28. Nf3 Be7 29. Bc1 Rdb8 30. Nd2 R3b6 31. Bxb2 Nxb2 32. Rf1 Nd3 33. Kf3 f6 34. Ke3 Nb2 35. Rg1 Rd8 36. Rb1 Rd3+ 37. Kf2 Na4 38. Rxb6 Nxb6 39. exf6 Bxf6 40. Ne4 Be7 41. a4 Rxh3 42. a5 Nd7 43. Rb2 Nf6 44. Ng5 Ng4+ 45. Kg2 Rd3 46. Rb8+ Rd8 47. Rb7 Bxg5 48. fxg5 Ne5 49. Rxa7 Nxc4 50. Kf3 Rd3+ 51. Kf4 Ra3 52. a6 g6 53. Kg4 Ne5+ 54. Kf4 Nc6 55. Rc7 Rxa6 56. Nc3 Kf8 57. Ne4 e5+ 58. Kg3 c4 59. Nc5 Ra3+ 0-1

[Event "Vicente Lopez ProAm 100 Years op"]
[Site "Buenos Aires"]
[Date "2022.10.18"]
[Round "9"]
[White "Rodriguez Vila, Andres"]
[Black "Ambrogi, Agustin Tomas"]
[Result "1-0"]
[WhiteElo "2442"]
[BlackElo "2280"]
[PlyCount "83"]
[EventDate "2022.10.11"]
[EventType "swiss"]
[EventRounds "9"]
[EventCountry "ARG"]
[SourceTitle "CBM 210 Extra"]
[Source "ChessBase"]
[SourceDate "2022.11.30"]
[SourceVersion "1"]
[SourceVersionDate "2022.11.30"]
[SourceQuality "1"]

1. d4 d5 2. Nc3 Nf6 3. Bf4 c6 4. e3 Bf5 5. f3 e6 6. g4 Bg6 7. h4 h5 8. g5 Ng8 9. Bd3 Ne7 10. Nge2 Bxd3 11. Qxd3 Ng6 12. Bg3 Bd6 13. 0-0-0 b5 14. Kb1 Qc7 15. Bxd6 Qxd6 16. e4 b4 17. Na4 Nd7 18. c4 e5 19. cxd5 cxd5 20. dxe5 Ndxe5 21. Qb5+ Qd7 22. Qxd7+ Nxd7 23. Rxd5 Nde5 24. Rh3 Ke7 25. f4 Ng4 26. f5 N6e5 27. Nf4 Rac8 28. Rb5 a5 29. Nb6 Rc6 30. Rxa5 Rb8 31. Nfd5+ Kd6 32. Ra6 Nf2 33. Re3 Kc5 34. Re2 Kb5 35. Ra8 Rbxb6 36. a4+ bxa3 37. Nxb6 Nfd3 38. Nd5 axb2 39. Rb8+ Ka5 40. Rc2 Nc4 41. Rc3 Nd2+ 42. Kc2 1-0

[Event "Vicente Lopez ProAm 100 Years op"]
[Site "Buenos Aires"]
[Date "2022.10.16"]
[Round "6"]
[White "Ambrogi, Agustin Tomas"]
[Black "Caceres Benitez, Arturo Eduardo"]
[Result "1-0"]
[WhiteElo "2280"]
[BlackElo "1823"]
[PlyCount "123"]
[EventDate "2022.10.11"]
[EventType "swiss"]
[EventRounds "9"]
[EventCountry "ARG"]
[SourceTitle "CBM 210 Extra"]
[Source "ChessBase"]
[SourceDate "2022.11.30"]
[SourceVersion "1"]
[SourceVersionDate "2022.11.30"]
[SourceQuality "1"]

1. d4 Nf6 2. e3 b6 3. Bd3 Bb7 4. Nf3 c5 5. 0-0 cxd4 6. exd4 e6 7. Re1 Be7 8. Qe2 0-0 9. c3 d6 10. Nbd2 Nbd7 11. Nf1 Qc7 12. Ng3 Rae8 13. Ba6 Bd5 14. Bf4 e5 15. dxe5 dxe5 16. Bxe5 Nxe5 17. Qxe5 Bd6 18. Qf5 Rxe1+ 19. Nxe1 Re8 20. Nf3 h5 21. Nxh5 Nxh5 22. Qxd5 Nf4 23. Qc4 Qd7 24. Qb5 Qe6 25. Nd4 Qe4 26. Bb7 Ne2+ 27. Nxe2 Qxe2 28. Ba6 Qe4 29. Qd3 Qe5 30. g3 Bc5 31. Kg2 Re6 32. Rd1 g5 33. b4 b5 34. Qd5 Bb6 35. Bxb5 Qxc3 36. Bc4 Kg7 37. Rd3 Qe5 38. Qxe5+ Rxe5 39. Rd7 Re4 40. Rxf7+ Kh8 41. Bb3 Rxb4 42. Rf5 g4 43. Rg5 Rd4 44. Rd5 Rb4 45. Rd2 Kg7 46. h3 gxh3+ 47. Kxh3 a5 48. f4 a4 49. Rd7+ Kf6 50. Bxa4 Rb2 51. Bb3 Be3 52. Kg4 Rf2 53. Rf7+ Kg6 54. f5+ Kh6 55. Re7 Bc5 56. Rc7 Bd6 57. Rd7 Rd2 58. f6 Rd3 59. f7 Kg7 60. Kf5 Kf8 61. Rd8+ Kg7 62. f8Q+ 1-0

[Event "Vicente Lopez ProAm 100 Years op"]
[Site "Buenos Aires"]
[Date "2022.10.15"]
[Round "5"]
[White "Cruz Pereyra, Andresantoni"]
[Black "Ambrogi, Agustin Tomas"]
[Result "1/2-1/2"]
[WhiteElo "2034"]
[BlackElo "2280"]
[PlyCount "50"]
[EventDate "2022.10.11"]
[EventType "swiss"]
[EventRounds "9"]
[EventCountry "ARG"]
[SourceTitle "CBM 210 Extra"]
[Source "ChessBase"]
[SourceDate "2022.11.30"]
[SourceVersion "1"]
[SourceVersionDate "2022.11.30"]
[SourceQuality "1"]

1. e4 e5 2. Nf3 Nc6 3. Bc4 Nf6 4. Ng5 d5 5. exd5 Na5 6. Bb5+ c6 7. dxc6 bxc6 8. Qf3 cxb5 9. Qxa8 Qc7 10. Qf3 Nc6 11. c3 Bg4 12. Qg3 Nd4 13. Na3 Ne2 14. Qe3 Bc5 15. d4 Bxa3 16. Qxe5+ Kd7 17. Qxc7+ Kxc7 18. bxa3 Nxc1 19. Rxc1 Re8+ 20. Kf1 Be2+ 21. Ke1 Bh5+ 22. Kf1 Be2+ 23. Ke1 Bh5+ 24. Kf1 Be2+ 25. Ke1 Bh5+ 1/2-1/2